00595 2200193 4500001002100000005001500021035002000036007000300056008003900059082000700098084001300105100001900118245015700137250001000294260004600304300002600350600001000376990001500386INLIS00000000000989220260417102638 a0010-0426000281ta260417 | | |  a81 a81 ANA p0 aANANG ABDALLAH1 aPERAN BATALYON A PELOPOR SATUAN BRIMOB POLDA KALIMANTAN TENGAH DALAM MENANGANI GANGGUAN KEAMANAN BERUPA HURU HARA ATAU KERUSUHAN MASSA /cANANG ABDALLAH aCet 1 aPalangka Raya :bPerpustakaan UMPR,c2022 axiii, 51 hlm :bilus. 4aTESIS a2081010693